Удаление азотсодержащих веществ из сточных вод с помощью природных цеолитов; Инновации в неразрушающем контроле (SibTest 2019)

Detaylı Bibliyografya
Parent link:Инновации в неразрушающем контроле (SibTest 2019).— 2019.— [С. 52-53]
Yazar: Новикова А. Л. Анастасия Леонидовна
Müşterek Yazar: Национальный исследовательский Томский политехнический университет Инженерная школа неразрушающего контроля и безопасности Отделение контроля и диагностики
Diğer Yazarlar: Назаренко О. Б. Ольга Брониславовна (научный руководитель)
Özet:Заглавие с экрана
Dil:Rusça
Baskı/Yayın Bilgisi: 2019
Seri Bilgileri:Современные системы и технологии в неразрушающем контроле
Konular:
Online Erişim:http://earchive.tpu.ru/handle/11683/56664
Materyal Türü: Elektronik Kitap Bölümü
KOHA link:https://koha.lib.tpu.ru/cgi-bin/koha/opac-detail.pl?biblionumber=630449

MARC

LEADER 00000naa2a2200000 4500
001 630449
005 20231101133618.0
035 |a (RuTPU)RU\TPU\conf\31508 
035 |a RU\TPU\conf\31494 
090 |a 630449 
100 |a 20191111d2019 k y0rusy50 ca 
101 0 |a rus 
102 |a RU 
105 |a y z 101zy 
135 |a drcn ---uucaa 
181 0 |a i  
182 0 |a b 
200 1 |a Удаление азотсодержащих веществ из сточных вод с помощью природных цеолитов  |f А. Л. Новикова  |g науч. рук. О. Б. Назаренко 
203 |a Текст  |c электронный 
225 1 |a Современные системы и технологии в неразрушающем контроле 
230 |a 1 компьютерный файл (pdf; 405 Kb) 
300 |a Заглавие с экрана 
463 1 |0 (RuTPU)RU\TPU\conf\31411  |t Инновации в неразрушающем контроле (SibTest 2019)  |o сборник тезисов докладов V международной конференции, Екатеринбург, 26–28 июня 2019 г.  |f Национальный исследовательский Томский политехнический университет (ТПУ)  |v [С. 52-53]  |d 2019 
610 1 |a труды учёных ТПУ 
610 1 |a электронные ресурсы 
610 1 |a азотсодержащие вещества 
610 1 |a сточные воды 
610 1 |a природные цеолиты 
610 1 |a нитрит-ионы 
610 1 |a биогенные вещества 
700 1 |a Новикова  |b А. Л.  |g Анастасия Леонидовна 
702 1 |a Назаренко  |b О. Б.  |c специалист в области экологии и безопасности жизнедеятельности  |c профессор Томского политехнического университета, доктор технических наук  |f 1963-  |g Ольга Брониславовна  |2 stltpush  |4 727 
712 0 2 |a Национальный исследовательский Томский политехнический университет  |b Инженерная школа неразрушающего контроля и безопасности  |b Отделение контроля и диагностики  |h 7978  |2 stltpush  |3 (RuTPU)RU\TPU\col\23584 
801 2 |a RU  |b 63413507  |c 20191112  |g RCR 
856 4 |u http://earchive.tpu.ru/handle/11683/56664 
942 |c BK